000 01013nam a22003137a 4500
001 BR9803181
003 BR-BrBNA
005 20230928100013.0
007 ta
008 230509b bl.||||| |||| 00| 0 por d
040 _aBR-BrBNA
_bpor
_cBiblioteca Nacional de Agricultura
041 _a(Por)
072 _aL53
_b5100
090 _ 5100 BR9803181
100 1 _aViana, W.S.
110 1 _aUniversidade Federal de Minas Gerais, Belo Horizonte (Brasil). Escola de Veterinaria
_0Tese (Mestre em Medicina Veterinaria)
245 1 _aRelacao entre o proteinograma serico da egua no ultimo mes de gestacao, densidade especifica do colostro e proteinograma serico do potro
260 3 _aBelo Horizonte, MG (Brasil):
_c1996.
300 _a89 p.
500 _a42 ref.; Summaries (Eng, Por); 20 graphs; 9 tables
650 _aEgua
650 _aPrenhez
650 _aSangue
650 _aProteina
650 _aImunoglobulina
650 _aColostro
909 _a202309
_bLucia
_c55
_dLucia Elande
942 _cBK
999 _c59830
_d59830